| 000 | 01031nam a22002415i 4500 | ||
|---|---|---|---|
| 001 | 164718 | ||
| 003 | ES-MaACL | ||
| 005 | 20250820063052.0 | ||
| 008 | 980817s1880 sp |||| | cat d | ||
| 040 |
_aCCPB | B _bspa _cCCPB | B |
||
| 100 | 1 |
_aSanpere i Miquel, Salvador, _d1840-1915 _9103195 |
|
| 245 | 1 | 3 |
_aUn estudi de toponomástica catalana / _cper Salvador Sanpere y Miquel. |
| 260 |
_aBarcelona : _bLlibrería de Alvar Verdaguer, _c1880. |
||
| 300 |
_a[4], XVI, 172, [2] p. ; _c22 cm. |
||
| 500 | _a"Obra llorejada en lo certámen de 1879" | ||
| 530 | _aDisponible en formato digital. | ||
| 594 | _aPrecede al tít.: "Associació d'excursions Catalana" | ||
| 650 | 4 |
_aNombres geográficos- _zCataluña. _9157056 |
|
| 710 | 2 |
_aAssociació d'Excursions Catalana. _9134144 |
|
| 852 |
_aES-MaACL _jT-846-F-6 _z-- Enc. hol. conservando la cub. original _q-- Enc. en un vol. facticio |
||
| 856 |
_uhttp://bdh-rd.bne.es/viewer.vm?id=0000086202&page=1 _zBiblioteca Digital Hispánica |
||
| 999 |
_c164718 _d164718 |
||